| 000 | 00579nam a2200193 i 4500 | ||
|---|---|---|---|
| 001 | 47328 | ||
| 003 | ES-MaACL | ||
| 005 | 20230906161537.0 | ||
| 007 | t| | ||
| 008 | 030407s1964 sp ||||1| cat d | ||
| 100 | 1 |
_aCoquard, Lluis. _940429 |
|
| 245 | 1 | 0 |
_aPatufet _b: rondalla en 10 quadres, dividits en un práoleg i tres actes / _cLluis Coquard. |
| 260 |
_a[Barcelona : _bs.n., _c1964] |
||
| 300 |
_a61 p. ; _c17 cm. |
||
| 490 | 1 |
_aLlibres de teatre ; _v4 |
|
| 830 | 0 |
_aLlibres de teatre ; _v4 _9182137 |
|
| 852 |
_aES-MaACL _jC-27062 _bR.55036 |
||
| 999 |
_c47328 _d47328 |
||